000
00282nam a2200121Ia 4500
008
190216s9999||||xx |||||||||||||| ||und||
100
_a
Bahadur Murao
245
0
_a
Management Accounting
260
_b
Unian Bank Of Kerala
_c
1972
300
_a
540p
650
_a
Commerce
942
_c
BK
999
_c
4125
_d
4125